American Literature Quiz 1700-1900 #2 - Statistics

General Stats
  • This quiz has been taken 368 times
  • The average score is 8 of 20
Answer Stats
Hint Answer % Correct
The Adventures of Tom Sawyer Mark Twain
93%
Uncle Tom's Cabin Harriet Beecher Stowe
80%
Little Women Louisa May Alcott
77%
The Federalist Papers John Jay, Alexander Hamilton, James Madiosn
67%
Annabel Lee Edgar Allen Poe
57%
The House of Seven Gables Nathaniel Hawthorne
47%
Rip Van Winkle Washington Irving
44%
The Red Badge of Courage Stephen Crane
43%
Civil Disobedience Henry Thoreau
42%
Billy Budd Herman Melville
41%
Song of Myself Walt Whitman
38%
The Deerslayer James Fenimore Cooper
32%
The American Spelling Book Noah Webster
31%
Self Reliance Ralph Waldo Emerson
29%
The American Crisis Thomas Paine
27%
The Wreck of the Hesperus Henry Wadsworth Longfellow
18%
Ben Hur Lew Wallace
17%
Sister Carrie Theodore Dreiser
17%
The Man Without a Country Edward Everett Hale
4%
Barbra Fritchie John Greenleaf Whittier
4%
No matching quizzes found
Score Distribution
Percent of People with Each Score
Percentile by Number Answered
Your Score History
You have not taken this quiz